Visualizzazione normale
Vista MARC
- Swingle Singers (The)
di Personal Name
Records bibliografici associati: 1
001 - CONTROL NUMBER
- control field: 22028
003 - CONTROL NUMBER IDENTIFIER
- control field: IT-RoPau
005 - DATE AND TIME OF LATEST TRANSACTION
- control field: 20140424223657.0
008 - FIXED-LENGTH DATA ELEMENTS
- fixed length control field: 140424|| aca||aabn | a|a d
040 ## - CATALOGING SOURCE
- Original cataloging agency: IT-RoPau
- Transcribing agency: IT-RoPau
100 ## - HEADING--PERSONAL NAME
- Personal name: Swingle Singers (The)
- Miscellaneous information: Codice interprete SPICS: 13146
- Relator term: Interprete
670 ## - SOURCE DATA FOUND
- Source citation: Work cat.: (IT-RoPau)99169: Bach Johann Sebastian 22023, Jazz Sebastian Bach (The swingle Singers)